| 000 | 00945nam a2200289 i 4500 | ||
|---|---|---|---|
| 003 | DO-SdBNP | ||
| 005 | 20260526115051.0 | ||
| 007 | ta | ||
| 008 | 260506b2025 dr ||||| |||| 00| 0 spa d | ||
| 020 | _a9789945528046 | ||
| 040 |
_aDO-SdBNP _bspa _cBNPHU _erda |
||
| 041 | _aspa | ||
| 082 | 4 |
_aRD863.5 _bT219d _222 |
|
| 100 |
_aTatis, Anderson, _eautor _4aut. _989473 |
||
| 245 | 1 | 0 |
_aDos montañas / _cAnderson Tatis ; cuidado del texto, Aurelia Castillo |
| 264 | 4 |
_aSanto Domingo : _bPublicaciones Libertad, _c©2025. |
|
| 300 |
_a68 páginas ; _c21 cm. |
||
| 336 |
_atexto _btxt _2rdacontent |
||
| 337 |
_asin mediación _bn _2rdamedia |
||
| 338 |
_avolumen _bnc _2rdacarrier |
||
| 590 | _aInventariado, 2026/BT | ||
| 650 | 7 |
_aNovela dominicana _2LEMB _9223 |
|
| 650 | 7 |
_aLiteratura dominicana _2LEMB |
|
| 700 | 1 |
_aCastillo, Aurelia, _ecuidado del texto _4txt _976355 |
|
| 910 | _aBtavárez/Validado. Control de calidad MFF | ||
| 942 |
_2ddc _cLBS1 |
||
| 999 |
_c60668 _d60668 |
||